In unserem Herzen lebst Du weiter

Titel: In unserem Herzen lebst Du weiter / Franz Toenniges
Verfasser:
Veröffentlicht: Kürten : [Selbstverl.]œ, 2004
Umfang: 24 S. : Ill.
Format: Buch
Sprache: Deutsch
Kein Bild verfügbar
X
Lokale Klassifikation: 14 10 F
alg: 33517347
001A    $03004:09-01-14 
001B    $01999:09-06-23 $t21:17:09.000 
001C    $03004:09-01-14 $t15:15:21.000 
001D    $03004:09-01-14 
001U    $0utf8 
001X    $00 
002@    $0Aau 
003@    $0335173470 
003O    $0867770995 $aOCoLC 
007A    $0335173470 $aHEB 
010@    $ager 
011@    $a2004 
013H    $0z 
021A    $aIn unserem Herzen lebst Du weiter $hFranz Toenniges 
028A    $7189407654 $8Toenniges, Franz$Z1923-2008 [Tp1] $9284741337 
033A    $pKürten $n{[Selbstverl.] 
034D    $a24 S. 
034M    $aIll. 
045F    $a800 $eDDC23BSB 
045F/01 $a800 
045F/03 $g4385 

lok: 33517347 24
101B    $009-01-14 $t15:15:21.000 
101C    $009-01-14 
101U    $0utf8 
145Z/01 $a14 10 F 

exp: 33517347 24 1 #EPN
201B/01 $029-01-14 $t11:27:24.000 
201C/01 $009-01-14 
201U/01 $0utf8 
203@/01 $072527641X 
208@/01 $a29-01-14 $bz 
209A/01 $aS 28465 $du $f050 $hS 28465 $x00 
209C/01 $a13.10837 T $h13 10837 T 
209G/01 $a73397340 $x00 
220C/01 $ahae 
244Z/01 $7189407654 $8--Tp1--Toenniges, Franz$Z1923-2008 $x01 $9284741337 
247C/01 $8358050-7 Marburg, Bibliothek des Herder-Instituts Marburg $9102600961
LEADER 00000cam a2200000 c 4500
001 335173470
003 DE-603
005 20230609211709.0
007 tu
008 140109s2004 xx |||| | u00||u|ger c
035 |a (DE-599)HEB335173470 
035 |a (OCoLC)867770995 
040 |a DE-603  |b ger  |c DE-603  |d DE-603 
041 |a ger 
082 0 4 |8 1\u  |a 800  |q DE-101  |2 23/BSB 
085 |8 1\u  |b 800 
085 |8 1\u  |z 2  |s 4385 
100 1 |a Toenniges, Franz  |d 1923-2008  |0 (DE-603)284741337  |0 (DE-588)189407654  |2 gnd 
245 0 0 |a In unserem Herzen lebst Du weiter  |c Franz Toenniges 
264 1 |a Kürten  |b [Selbstverl.]œ  |c 2004 
300 |a 24 S.  |b Ill. 
924 0 |9 Mb 50  |a (DE-603)72527641X  |b DE-Mb50  |c HES  |d c  |g S 28465